| 000 | 01362cab a2200241 4500 | ||
|---|---|---|---|
| 001 | X85186 | ||
| 008 | 090401t1997 xxu||||| |||| 00| 0 eng d | ||
| 035 | _a(Sirsi) u79599 | ||
| 041 | _aeng | ||
| 245 | _aTurner Page Music Ltd v Torres Design Associates Ltd | ||
| 260 | _c1997 | ||
| 350 | _a0 | ||
| 490 |
_aConstruction Industry Law Letter _v[1997] CILL1263-1268(6) |
||
| 520 | _aORD 12 march 1997. P engaged D to provide design and professional services in connection with the redevelopment of a cinema. Contract prices agreed were £467,140 (later £450,000) for the building works and a separate contract for M&E work. Following completion, which was a week after the contractual date, D issued final certificate and final cost of £827,000 including M&E work. P was by then in financial difficulties and after negotiations sold the theatre to a third party. P sued, claiming a number of breaches of duty on behalf of D in the performance of various professional duties. P`s action allowed. TAKEN FROM JOURNAL ABSTRACT | ||
| 650 | _aBREACH OF DUTY | ||
| 650 | _aBUILT ENVIRONMENT-BUILDING CONTRACT FORMS | ||
| 650 | _aBUILT ENVIRONMENT-BUILDING COSTS | ||
| 650 | _aFINAL CERTIFICATE | ||
| 650 | _aTURNER PAGE MUSIC LTD V TORRES DESIGN ASSOCIATES LTD | ||
| 690 | _aBUILT ENVIRONMENT-BUILDING CONTRACT FORMS | ||
| 942 | _n0 | ||
| 948 | _c14/07/1997 | ||
| 999 |
_c50056 _d50056 |
||